[Event "Liga Vasca 2010 - Primera Division"]
[Site "Euskadi ESP"]
[Date "2010.01.16"]
[Round "2.33"]
[White "Gonzalez Blanco, Aitor"]
[Black "Etxaurren Gavina, Asier"]
[Result "1/2-1/2"]
[WhiteElo "2003"]
[BlackElo "1977"]
[PlyCount "38"]
[EventDate "2010.01.09"]
[EventType "team"]
[EventRounds "9"]
[EventCountry "ESP"]
[Source "lmi"]
[SourceDate "2010.01.09"]

1. e4 Nf6 2. Bc4 d5 3. exd5 Nxd5 4. Qf3 c6 5. d4 g6 6. Ne2 Be6 7. Nbc3 Nc7 8.
Bd3 Bg7 9. Be3 Nd7 10. Nf4 Nf6 11. h4 Bg4 12. Qg3 Ne6 13. Nxe6 Bxe6 14. h5 Nd5
15. hxg6 hxg6 16. Rxh8+ Bxh8 17. Nxd5 Qxd5 18. Qc7 Qd7 19. Qf4 O-O-O 1/2-1/2

[Event "Liga Vasca 2010 - Primera Division"]
[Site "Euskadi ESP"]
[Date "2010.01.16"]
[Round "2.34"]
[White "Zaballa Zarzosa, Jon"]
[Black "Garrido Fernandez, David"]
[Result "1-0"]
[WhiteElo "1872"]
[BlackElo "1959"]
[PlyCount "75"]
[EventDate "2010.01.09"]
[EventType "team"]
[EventRounds "9"]
[EventCountry "ESP"]
[Source "lmi"]
[SourceDate "2010.01.09"]

1. e4 e6 2. d4 d5 3. Nc3 Nf6 4. e5 Nfd7 5. f4 c5 6. Nf3 Nc6 7. Be3 Qb6 8. Na4
Qa5+ 9. c3 cxd4 10. b4 Qc7 11. Nxd4 a6 12. Bd3 Be7 13. O-O Nxd4 14. Bxd4 g6 15.
Nb2 O-O 16. Qe2 Nb6 17. g4 Nc4 18. f5 Nxb2 19. Qxb2 exf5 20. gxf5 Re8 21. Qg2
Qc6 22. e6 f6 23. fxg6 h6 24. g7 Qxe6 25. Bf5 Qc6 26. Bg6 Be6 27. Bxe8 Qxe8 28.
Rae1 Qf7 29. Qe2 Bh3 30. Rf3 Bg4 31. Qxe7 Qxe7 32. Rxe7 Bxf3 33. Bxf6 b5 34.
Kf2 Be4 35. Bd4 Kh7 36. Re6 Bg6 37. Rf6 h5 38. Rf8 1-0

[Event "Liga Vasca 2010 - Primera Division"]
[Site "Euskadi ESP"]
[Date "2010.01.16"]
[Round "2.41"]
[White "Navarrete Delgado, Sergio"]
[Black "Nava Pereda, Carlos"]
[Result "1/2-1/2"]
[WhiteElo "2227"]
[BlackElo "2254"]
[PlyCount "70"]
[EventDate "2010.01.09"]
[EventType "team"]
[EventRounds "9"]
[EventCountry "ESP"]
[Source "lmi"]
[SourceDate "2010.01.09"]

1. e4 e5 2. Nf3 Nc6 3. d4 exd4 4. Nxd4 Nf6 5. Nxc6 bxc6 6. Bd3 d5 7. Bg5 Be7 8.
Nc3 Nxe4 9. Bxe7 Qxe7 10. Bxe4 dxe4 11. Qd4 O-O 12. O-O Bf5 13. Rfe1 Rfd8 14.
Qc4 Rab8 15. a3 Rxb2 16. Nxe4 Qd7 17. Qe2 h6 18. Nc5 Qc8 19. Rad1 Rxd1 20. Rxd1
Bg6 21. Qe7 Qg4 22. f3 Qg5 23. Qe8+ Kh7 24. Nd7 h5 25. h4 Qf4 26. Nf8+ Kh6 27.
Nxg6 Kxg6 28. Qxc6+ Kh7 29. Qc3 Rb6 30. Rd4 Rb1+ 31. Kf2 Qh2 32. Qd3+ g6 33.
Qc4 Qg1+ 34. Kg3 Qe1+ 35. Kh3 Qh1+ 1/2-1/2

[Event "Liga Vasca 2010 - Primera Division"]
[Site "Euskadi ESP"]
[Date "2010.01.16"]
[Round "2.42"]
[White "Trigo Urquijo, Sergio"]
[Black "Jimenez Martin, Gustavo"]
[Result "1/2-1/2"]
[WhiteElo "2243"]
[BlackElo "2211"]
[PlyCount "30"]
[EventDate "2010.01.09"]
[EventType "team"]
[EventRounds "9"]
[EventCountry "ESP"]
[Source "lmi"]
[SourceDate "2010.01.09"]

1. d4 d5 2. c4 e6 3. Nc3 f5 4. Nf3 Nf6 5. e3 c6 6. Be2 Bd6 7. Ne5 O-O 8. O-O b6
9. b3 Bb7 10. Bb2 Nbd7 11. f4 Rc8 12. cxd5 exd5 13. Na4 Ne4 14. Rc1 Ndf6 15.
Rc2 Qe7 1/2-1/2

[Event "Liga Vasca 2010 - Primera Division"]
[Site "Euskadi ESP"]
[Date "2010.01.16"]
[Round "2.43"]
[White "Mombiela Martinez, Gonzalo"]
[Black "Rodriguez Gonzalez, Alex"]
[Result "1/2-1/2"]
[WhiteElo "2142"]
[BlackElo "2045"]
[PlyCount "76"]
[EventDate "2010.01.09"]
[EventType "team"]
[EventRounds "9"]
[EventCountry "ESP"]
[Source "lmi"]
[SourceDate "2010.01.09"]

1. e4 g6 2. d4 c5 3. c3 cxd4 4. cxd4 d5 5. exd5 Nf6 6. Bb5+ Nbd7 7. Nc3 Bg7 8.
Bf4 O-O 9. d6 Qa5 10. dxe7 Re8 11. Nge2 Rxe7 12. O-O a6 13. Bc4 Nb6 14. Bb3
Nbd5 15. Nxd5 Nxd5 16. Bd2 Qb5 17. Nc3 Nxc3 18. bxc3 Bf5 19. Be3 Qc6 20. Rc1 b5
21. Qd2 Be4 22. d5 Qd7 23. f3 Bf5 24. Bc5 Ree8 25. g4 Qc7 26. Bd4 Bd7 27. Bxg7
Kxg7 28. Qd4+ Qe5 29. Qxe5+ Rxe5 30. Rfe1 Rae8 31. Rxe5 Rxe5 32. Kf2 a5 33. a3
f5 34. gxf5 Rxf5 35. Ke3 a4 36. Ba2 Kf6 37. Rf1 Ke5 38. Rf2 Kd6 1/2-1/2

[Event "Liga Vasca 2010 - Primera Division"]
[Site "Euskadi ESP"]
[Date "2010.01.16"]
[Round "2.44"]
[White "Marchena Hurtado, Javier"]
[Black "Monje Peinado, Roberto"]
[Result "0-1"]
[WhiteElo "1787"]
[BlackElo "2022"]
[PlyCount "68"]
[EventDate "2010.01.09"]
[EventType "team"]
[EventRounds "9"]
[EventCountry "ESP"]
[Source "lmi"]
[SourceDate "2010.01.09"]

1. e4 c5 2. Nf3 Nc6 3. d4 cxd4 4. Nxd4 g6 5. Nc3 Bg7 6. Be3 Nf6 7. Be2 O-O 8.
Nb3 d6 9. O-O Bd7 10. f4 Rc8 11. Bf3 Na5 12. Nxa5 Qxa5 13. Kh1 Bc6 14. Bd4 e5
15. fxe5 dxe5 16. Bg1 Qb4 17. Nd5 Bxd5 18. exd5 Qxb2 19. Bxa7 Rxc2 20. Qe1 e4
21. Rb1 Qxa2 22. Ra1 Qxd5 23. Be2 Qd2 24. Qxd2 Rxd2 25. Rfe1 Ra8 26. Bf1 Nd5
27. Ra3 Nc3 28. h3 b5 29. Bc5 Rxa3 30. Bxa3 Bd4 31. Bb4 Rf2 32. Bxc3 Bxc3 33.
Rxe4 Rxf1+ 34. Kh2 b4 0-1

[Event "Liga Vasca 2010 - Primera Division"]
[Site "Euskadi ESP"]
[Date "2010.01.16"]
[Round "2.51"]
[White "Garro Beraza, Haritz"]
[Black "Salinero de Prado, Juan Manuel"]
[Result "1/2-1/2"]
[WhiteElo "2075"]
[BlackElo "2132"]
[PlyCount "104"]
[EventDate "2010.01.09"]
[EventType "team"]
[EventRounds "9"]
[EventCountry "ESP"]
[Source "lmi"]
[SourceDate "2010.01.09"]

1. e4 c5 2. Nf3 a6 3. g3 Nc6 4. Bg2 Nf6 5. d3 d5 6. exd5 Nxd5 7. h3 Bf5 8. O-O
Qd7 9. Kh2 e6 10. Nc3 Nxc3 11. bxc3 Be7 12. Be3 O-O 13. Qd2 Rfd8 14. Bf4 Rac8
15. Rfb1 b5 16. a3 h6 17. Ne5 Nxe5 18. Bxe5 Bg5 19. f4 Be7 20. c4 f6 21. Bc3
bxc4 22. Ba5 cxd3 23. Bxd8 Rxd8 24. cxd3 c4 25. Rd1 Kh8 26. Qe3 Bxd3 27. Bf1 e5
28. Bxd3 cxd3 29. Qe4 Qd5 30. Qxd5 Rxd5 31. Re1 d2 32. Red1 exf4 33. Ra2 fxg3+
34. Kg2 a5 35. Rdxd2 Rxd2+ 36. Rxd2 Bxa3 37. Kxg3 Kh7 38. Rd7 Kg6 39. Rd5 Bb4
40. Kg4 Bc3 41. Rc5 h5+ 42. Rxh5 a4 43. Rc5 Bb2 44. Ra5 a3 45. Ra6 Kf7 46. h4
Kg6 47. h5+ Kh6 48. Ra7 g6 49. hxg6 Kxg6 50. Ra6 Bc1 51. Ra5 Bb2 52. Ra6 Bc1
1/2-1/2

[Event "Liga Vasca 2010 - Primera Division"]
[Site "Euskadi ESP"]
[Date "2010.01.16"]
[Round "2.52"]
[White "Fernandez Hernandez, Gerardo"]
[Black "Olmo Vega, Diego"]
[Result "1/2-1/2"]
[WhiteElo "2190"]
[BlackElo "2025"]
[PlyCount "85"]
[EventDate "2010.01.09"]
[EventType "team"]
[EventRounds "9"]
[EventCountry "ESP"]
[Source "lmi"]
[SourceDate "2010.01.09"]

1. e4 c5 2. d3 Nc6 3. g3 d5 4. Nd2 e5 5. Bg2 Nf6 6. Ngf3 Be7 7. O-O O-O 8. exd5
Nxd5 9. Re1 f6 10. c3 Kh8 11. a4 Nc7 12. Nc4 Be6 13. Qe2 Qd7 14. Be3 Rad8 15.
Rad1 Rfe8 16. Nh4 Bd5 17. Qh5 Qe6 18. Ng6+ Kg8 19. Nxe7+ Qxe7 20. Be4 Bxe4 21.
dxe4 Qe6 22. Qe2 b6 23. Bc1 Re7 24. Rxd8+ Nxd8 25. Ne3 Rd7 26. Qc4 Qxc4 27.
Nxc4 Kf7 28. Kf1 Ke6 29. Ke2 Nb7 30. f4 exf4 31. Bxf4 Ne8 32. Rd1 Rxd1 33. Kxd1
Ned6 34. Nd2 a6 35. Ke2 Na5 36. Kd3 b5 37. axb5 axb5 38. g4 Nac4 39. Nxc4 Nxc4
40. b3 Ne5+ 41. Bxe5 fxe5 42. h4 g5 43. h5 1/2-1/2

[Event "Liga Vasca 2010 - Primera Division"]
[Site "Euskadi ESP"]
[Date "2010.01.16"]
[Round "2.53"]
[White "Arana Garate, Jon"]
[Black "Alberdi Sololuce, Paulo"]
[Result "0-1"]
[WhiteElo "1944"]
[BlackElo "2149"]
[PlyCount "106"]
[EventDate "2010.01.09"]
[EventType "team"]
[EventRounds "9"]
[EventCountry "ESP"]
[Source "lmi"]
[SourceDate "2010.01.09"]

1. d4 Nf6 2. c4 e6 3. Nc3 b6 4. e4 Bb4 5. Qc2 Nc6 6. Be3 O-O 7. f3 e5 8. Nge2
Qe7 9. a3 exd4 10. Nxd4 Nxd4 11. Bxd4 Bc5 12. Qf2 Bxd4 13. Qxd4 Bb7 14. Be2
Rfe8 15. O-O Rad8 16. Nd5 Bxd5 17. cxd5 c5 18. Qd2 Qe5 19. Rfe1 b5 20. b3 Rb8
21. Rac1 d6 22. a4 bxa4 23. bxa4 Rb2 24. Qc3 Qxc3 25. Rxc3 Nxd5 26. exd5 Rexe2
27. Rxe2 Rxe2 28. Rb3 g6 29. Rb8+ Kg7 30. Rd8 Ra2 31. Rxd6 Rxa4 32. Rc6 c4 33.
d6 Kf6 34. Rc7 Ke6 35. d7 Ke7 36. Kf1 Kd8 37. Rb7 c3 38. Ke2 c2 39. Kd2 Rc4 40.
Kc1 Rc7 41. Rb8+ Kxd7 42. g4 Ke6 43. f4 Kf6 44. Rh8 Kg7 45. Ra8 h6 46. Rd8 Rc5
47. Rd6 a5 48. Rb6 Rc4 49. Rb5 Rxf4 50. g5 hxg5 51. Rxg5 Rf2 52. h4 Rh2 53. Rg4
Kh6 0-1

[Event "Liga Vasca 2010 - Primera Division"]
[Site "Euskadi ESP"]
[Date "2010.01.16"]
[Round "2.54"]
[White "Martinez Pelaez, David"]
[Black "Garro Beraza, Julen"]
[Result "1-0"]
[WhiteElo "1972"]
[BlackElo "1873"]
[PlyCount "85"]
[EventDate "2010.01.09"]
[EventType "team"]
[EventRounds "9"]
[EventCountry "ESP"]
[Source "lmi"]
[SourceDate "2010.01.09"]

1. d4 Nf6 2. Nc3 g6 3. e4 d6 4. f3 Bg7 5. Be3 O-O 6. Qd2 c6 7. Bd3 e5 8. Nge2
Qc7 9. O-O Rd8 10. dxe5 dxe5 11. Ng3 Be6 12. Qf2 Nbd7 13. Rfd1 Nb6 14. b3 Bf8
15. a4 Nbd7 16. Nb1 b6 17. Nd2 Nc5 18. Bc4 Bxc4 19. Nxc4 Ne6 20. Ne2 Nh5 21. c3
Nhg7 22. b4 f6 23. Qe1 Rxd1 24. Rxd1 Rd8 25. Rd2 Ne8 26. Qd1 Rxd2 27. Qxd2 Nd6
28. Qd3 Kf7 29. Nxd6+ Qxd6 30. Nc1 Qxd3 31. Nxd3 Ke7 32. Kf1 Kd7 33. Ke2 c5 34.
b5 Nc7 35. Nb2 Ne8 36. Kd3 Nd6 37. Nc4 Nxc4 38. Kxc4 Kd6 39. h3 Bg7 40. a5 Bf8
41. a6 Bg7 42. Bxc5+ bxc5 43. b6 1-0

[Event "Liga Vasca 2010 - Primera Division"]
[Site "Euskadi ESP"]
[Date "2010.01.23"]
[Round "3.11"]
[White "Salinero de Prado, Juan Manuel"]
[Black "Mancha Otano, Aritz"]
[Result "1-0"]
[WhiteElo "2132"]
[BlackElo "2036"]
[PlyCount "101"]
[EventDate "2010.01.09"]
[EventType "team"]
[EventRounds "9"]
[EventCountry "ESP"]
[Source "lmi"]
[SourceDate "2010.01.09"]

1. d4 Nf6 2. c4 e6 3. Nc3 Bb4 4. Qc2 d5 5. e3 Ne4 6. Bd3 Bxc3+ 7. bxc3 f5 8.
Ba3 Nd7 9. cxd5 exd5 10. f3 Qh4+ 11. Kf1 Ng3+ 12. hxg3 Qxh1 13. Bxf5 Qh6 14.
Bd3 Nb6 15. e4 Nc4 16. Bxc4 dxc4 17. Qa4+ Bd7 18. Qa5 O-O-O 19. Qxa7 Qa6 20.
Qxa6 bxa6 21. Nh3 Bxh3 22. gxh3 Kd7 23. Ke2 Rb8 24. Ke3 Rb6 25. Rd1 Rhb8 26. d5
Rb1 27. Rd2 Rf1 28. e5 Rbb1 29. e6+ Kc8 30. Bf8 Rbd1 31. Rxd1 Rxd1 32. Bxg7
Rxd5 33. Ke4 c6 34. f4 Kd8 35. f5 Ke7 36. g4 Ra5 37. g5 Rxa2 38. Bf6+ Ke8 39.
h4 Rg2 40. h5 a5 41. g6 hxg6 42. fxg6 a4 43. g7 Rxg7 44. Bxg7 a3 45. h6 a2 46.
h7 a1=Q 47. h8=Q+ Ke7 48. Bf8+ Kxe6 49. Qe5+ Kf7 50. Qg7+ Ke6 51. Qe7# 1-0

[Event "Liga Vasca 2010 - Primera Division"]
[Site "Euskadi ESP"]
[Date "2010.01.23"]
[Round "3.12"]
[White "Otazu Ojer, Iñigo"]
[Black "Fernandez Hernandez, Gerardo"]
[Result "0-1"]
[WhiteElo "1941"]
[BlackElo "2190"]
[PlyCount "90"]
[EventDate "2010.01.09"]
[EventType "team"]
[EventRounds "9"]
[EventCountry "ESP"]
[Source "lmi"]
[SourceDate "2010.01.09"]

1. f4 e6 2. Nf3 d5 3. e3 c5 4. b3 Be7 5. Bb2 Nf6 6. Bb5+ Nc6 7. Bxc6+ bxc6 8.
Ne5 Qb6 9. Ng4 a5 10. O-O Ba6 11. Re1 a4 12. Nxf6+ gxf6 13. Nc3 axb3 14. axb3
c4 15. Na4 Qc7 16. bxc4 Bxc4 17. Qh5 h6 18. Nc3 Ba6 19. Ra2 Bb7 20. Rea1 Rxa2
21. Rxa2 c5 22. Ne2 d4 23. exd4 Rg8 24. Ng3 Qc6 25. Qf3 Qb6 26. Qb3 Qc6 27. Qf3
Qxf3 28. gxf3 Bxf3 29. Kf2 Bc6 30. Ra7 cxd4 31. Bxd4 Rg4 32. Be3 f5 33. Rc7 Bd7
34. c4 Bd6 35. Ra7 Bxf4 36. Bc5 Bc6 37. Re7+ Kd8 38. Rxf7 Bxd2 39. Bb6+ Ke8 40.
Rc7 Rxc4 41. Rc8+ Ke7 42. Ne2 Bd5 43. Rg8 e5 44. Rd8 Ke6 45. Re8+ Kd6 0-1

[Event "Liga Vasca 2010 - Primera Division"]
[Site "Euskadi ESP"]
[Date "2010.01.23"]
[Round "3.31"]
[White "Segura Del Frago, Imanol"]
[Black "Jimenez Martin, Gustavo"]
[Result "1/2-1/2"]
[WhiteElo "2028"]
[BlackElo "2211"]
[PlyCount "53"]
[EventDate "2010.01.09"]
[EventType "team"]
[EventRounds "9"]
[EventCountry "ESP"]
[Source "lmi"]
[SourceDate "2010.01.09"]

1. e4 e5 2. Nf3 Nc6 3. d4 exd4 4. Nxd4 Nf6 5. Nxc6 bxc6 6. e5 Qe7 7. Qe2 Nd5 8.
c4 Qb4+ 9. Nd2 Nf4 10. Qe4 Ne6 11. a3 Qb6 12. Be2 Bb7 13. Nf3 c5 14. Qg4 Be7
15. O-O h5 16. Qg3 h4 17. Qg4 h3 18. Rd1 hxg2 19. b4 O-O-O 20. Be3 Qc6 21. Rd4
f5 22. Qxf5 Rdf8 23. Qg4 Qb6 24. Rdd1 Qa6 25. Rd5 Qb6 26. Rdd1 Qc6 27. Rd5
1/2-1/2

[Event "Liga Vasca 2010 - Primera Division"]
[Site "Euskadi ESP"]
[Date "2010.01.23"]
[Round "3.32"]
[White "Mombiela Martinez, Gonzalo"]
[Black "Miguelez Garcia, Erlantz"]
[Result "1/2-1/2"]
[WhiteElo "2142"]
[BlackElo "1958"]
[PlyCount "48"]
[EventDate "2010.01.09"]
[EventType "team"]
[EventRounds "9"]
[EventCountry "ESP"]
[Source "lmi"]
[SourceDate "2010.01.09"]

1. e4 c5 2. c3 Nf6 3. e5 Nd5 4. Nf3 Nc6 5. d4 cxd4 6. cxd4 d6 7. Be2 e6 8. Bg5
Be7 9. Bxe7 Qxe7 10. exd6 Qxd6 11. O-O Qb4 12. Qd2 Qxd2 13. Nbxd2 b6 14. Rac1
Bb7 15. Bb5 Rc8 16. Ne5 Ndb4 17. Ne4 Ke7 18. Nxc6+ Bxc6 19. Bxc6 Rxc6 20. a3
Rxc1 21. Rxc1 Nd5 22. Kf1 Rd8 23. g3 Rd7 24. Ke2 h6 1/2-1/2

[Event "Liga Vasca 2010 - Primera Division"]
[Site "Euskadi ESP"]
[Date "2010.01.23"]
[Round "3.33"]
[White "Etxaurren Gavina, Asier"]
[Black "Monje Peinado, Roberto"]
[Result "1/2-1/2"]
[WhiteElo "1977"]
[BlackElo "2022"]
[PlyCount "102"]
[EventDate "2010.01.09"]
[EventType "team"]
[EventRounds "9"]
[EventCountry "ESP"]
[Source "lmi"]
[SourceDate "2010.01.09"]

1. d4 f5 2. g3 g6 3. Bg2 Nf6 4. b3 Bg7 5. Bb2 O-O 6. Nf3 Ne4 7. O-O d6 8. c4
Nc6 9. a3 e5 10. dxe5 dxe5 11. Qc2 Qe7 12. Rd1 Be6 13. Nc3 Nxc3 14. Qxc3 Rad8
15. e3 Bf6 16. h4 e4 17. Nd4 Ne5 18. Qc2 Nd3 19. Bc3 h6 20. Bf1 Ne5 21. Be2 Bf7
22. c5 Qxc5 23. b4 Qe7 24. b5 c5 25. bxc6 Nxc6 26. Nxc6 bxc6 27. Bb4 Qc7 28.
Bxf8 Bxa1 29. Bxh6 Rxd1+ 30. Qxd1 Be5 31. h5 Qd6 32. hxg6 Qxd1+ 33. Bxd1 Bxg6
34. Bf4 Bxf4 35. gxf4 Bf7 36. f3 Bd5 37. fxe4 Bxe4 38. Bb3+ Kg7 39. Bc4 Kf6 40.
Kf2 Ke7 41. Ke2 Kd6 42. Kd2 Kc5 43. Kc3 Bb1 44. Be2 Kd5 45. Bf3+ Be4 46. Be2 c5
47. Bf1 Bf3 48. Bd3 Bg4 49. Bc2 a5 50. Bd3 Bh3 51. Bc2 c4 1/2-1/2

[Event "Liga Vasca 2010 - Primera Division"]
[Site "Euskadi ESP"]
[Date "2010.01.23"]
[Round "3.34"]
[White "Hernandorena De La Cruz, Egoi"]
[Black "Meneses Arenas, Mikel"]
[Result "1-0"]
[WhiteElo "2045"]
[BlackElo "1853"]
[PlyCount "88"]
[EventDate "2010.01.09"]
[EventType "team"]
[EventRounds "9"]
[EventCountry "ESP"]
[Source "lmi"]
[SourceDate "2010.01.09"]

1. e4 e5 2. Bc4 Nf6 3. d3 c6 4. Nf3 d5 5. Bb3 Bg4 6. h3 Bxf3 7. Qxf3 dxe4 8.
dxe4 Nbd7 9. Bg5 Qb6 10. Nd2 a5 11. Rb1 Be7 12. O-O O-O 13. c3 Rad8 14. Nc4 Qc7
15. Rfd1 Nc5 16. Bc2 Ne6 17. Bh4 b5 18. Ne3 b4 19. Nf5 Rxd1+ 20. Rxd1 Nf4 21.
g3 Ng6 22. Nxe7+ Qxe7 23. Bxf6 gxf6 24. Qd3 Qe6 25. cxb4 axb4 26. Qb3 Qe7 27.
Qc4 Ra8 28. Qxc6 Rxa2 29. Bb3 Ra7 30. Rc1 Nf8 31. Qc8 Kg7 32. Qg4+ Ng6 33. h4
Qd7 34. Qxd7 Rxd7 35. Rd1 Rc7 36. Kf1 Ne7 37. Ke2 f5 38. exf5 Nxf5 39. Kd3 Rd7+
40. Ke4 Rxd1 41. Bxd1 Kf6 42. Kd5 Ne7+ 43. Kc5 Nc8 44. Bg4 Na7 1-0

[Event "Liga Vasca 2010 - Primera Division"]
[Site "Euskadi ESP"]
[Date "2010.01.23"]
[Round "3.42"]
[White "Agirretxe San Sebastian, Jesus"]
[Black "Martin Echeandia, Ibon"]
[Result "0-1"]
[WhiteElo "2153"]
[BlackElo "2195"]
[PlyCount "48"]
[EventDate "2010.01.09"]
[EventType "team"]
[EventRounds "9"]
[EventCountry "ESP"]
[Source "lmi"]
[SourceDate "2010.01.09"]

1. d4 f5 2. e4 fxe4 3. Nc3 Nf6 4. Bg5 g6 5. Bxf6 exf6 6. Nxe4 d5 7. Nc3 Bg7 8.
Bd3 O-O 9. Nge2 Nc6 10. O-O f5 11. Bb5 f4 12. f3 Ne7 13. Qd2 Nf5 14. Nxf4 c6
15. Rae1 cxb5 16. Nfxd5 Bxd4+ 17. Kh1 Bxc3 18. bxc3 Bd7 19. Qf4 Bc6 20. Nc7 Nd6
21. Qg3 Qxc7 22. Re6 Ne8 23. Qh4 Qf4 24. Qe1 Ng7 0-1

[Event "Liga Vasca 2010 - Primera Division"]
[Site "Euskadi ESP"]
[Date "2010.01.23"]
[Round "3.43"]
[White "Prieto Aranguren, Alain"]
[Black "Alvarado Fernandez, Mikel"]
[Result "0-1"]
[WhiteElo "2136"]
[BlackElo "2006"]
[PlyCount "39"]
[EventDate "2010.01.09"]
[EventType "team"]
[EventRounds "9"]
[EventCountry "ESP"]
[Source "lmi"]
[SourceDate "2010.01.09"]

1. d4 d5 2. c4 c6 3. e3 Nf6 4. Nc3 e6 5. Qc2 Be7 6. Nf3 Nbd7 7. b3 b6 8. Ne5
Bb7 9. f4 Rc8 10. Be2 O-O 11. O-O c5 12. Bf3 Qc7 13. Bb2 Rfd8 14. cxd5 exd5 15.
Ne2 Ne4 16. Rac1 Qb8 17. Bxe4 dxe4 18. Qc4 Nxe5 19. fxe5 Bd5 20. Qc3 0-1

[Event "Liga Vasca 2010 - Primera Division"]
[Site "Euskadi ESP"]
[Date "2010.01.23"]
[Round "3.44"]
[White "Garrido Fernandez, David"]
[Black "Garitaonaindia Areitio, Iker"]
[Result "1-0"]
[WhiteElo "1959"]
[BlackElo "1886"]
[PlyCount "61"]
[EventDate "2010.01.09"]
[EventType "team"]
[EventRounds "9"]
[EventCountry "ESP"]
[Source "lmi"]
[SourceDate "2010.01.09"]

1. e4 d6 2. d4 Nf6 3. Nc3 Nbd7 4. f4 e5 5. Nf3 exd4 6. Qxd4 Nc5 7. Bc4 Be7 8.
O-O O-O 9. Bd2 Be6 10. Rae1 c6 11. Bxe6 Nxe6 12. Qd3 Qc7 13. h3 Rad8 14. Be3 d5
15. exd5 Nxd5 16. Nxd5 Rxd5 17. Qe4 Bf6 18. c4 Ra5 19. b4 Rh5 20. f5 Ng5 21.
Nxg5 Bxg5 22. Bc5 Qb8 23. Bxf8 Kxf8 24. Qg4 g6 25. fxg6 hxg6 26. Qe6 Bf4 27.
Qe7+ Kg7 28. g3 Bxg3 29. Rxf7+ Kg8 30. Qf6 Bh2+ 31. Kh1 1-0

[Event "Liga Vasca 2010 - Primera Division"]
[Site "Euskadi ESP"]
[Date "2010.01.23"]
[Round "3.51"]
[White "Arnaez Gil, Juan Ignacio"]
[Black "Angulo Martinez, Jon"]
[Result "0-1"]
[WhiteElo "2242"]
[BlackElo "2212"]
[PlyCount "130"]
[EventDate "2010.01.09"]
[EventType "team"]
[EventRounds "9"]
[EventCountry "ESP"]
[Source "lmi"]
[SourceDate "2010.01.09"]

1. Nf3 d5 2. g3 c5 3. Bg2 Nc6 4. O-O Nf6 5. d3 e5 6. e4 dxe4 7. dxe4 Qxd1 8.
Rxd1 Bg4 9. c3 Nxe4 10. Re1 O-O-O 11. Na3 f5 12. Nc4 Bd6 13. h3 Bxf3 14. Bxf3
Nf6 15. Bxc6 bxc6 16. Be3 e4 17. Nxd6+ Rxd6 18. Bxc5 Rd7 19. c4 Rhd8 20. b4 a6
21. Bb6 Re8 22. Rad1 Ree7 23. Kf1 Rxd1 24. Rxd1 Nd7 25. Bd4 Kc7 26. Ke2 g6 27.
Be3 Kb7 28. Bf4 Nb6 29. Rd4 Na4 30. c5 Nc3+ 31. Kd2 Nd5 32. Be3 Kc8 33. Kc2 Rb7
34. a3 a5 35. Bd2 axb4 36. axb4 Kd7 37. Kb3 Ke6 38. Bc3 Ra7 39. Bb2 Rd7 40. Rd1
Nc7 41. Rxd7 Kxd7 42. Kc4 Ke6 43. Bc1 Nb5 44. h4 Kf6 45. Bb2+ Kf7 46. Kb3 Ke6
47. Kc4 f4 48. g4 h5 49. Bc1 f3 50. gxh5 gxh5 51. Kb3 Kf5 52. Ka4 Nc3+ 53. Ka5
Nd5 54. Bd2 e3 55. Be1 e2 56. b5 cxb5 57. Kxb5 Ke6 58. c6 Kd6 59. Kc4 Nf4 60.
Kd4 Ng2 61. Bb4+ Kxc6 62. Ke4 e1=Q+ 63. Bxe1 Nxe1 64. Kf4 Kd5 65. Kg5 Nd3 0-1

[Event "Liga Vasca 2010 - Primera Division"]
[Site "Euskadi ESP"]
[Date "2010.01.23"]
[Round "3.52"]
[White "Diaz Herrero, Alvaro"]
[Black "Arnold Perrier, Felipe"]
[Result "1/2-1/2"]
[WhiteElo "2143"]
[BlackElo "2148"]
[PlyCount "162"]
[EventDate "2010.01.09"]
[EventType "team"]
[EventRounds "9"]
[EventCountry "ESP"]
[Source "lmi"]
[SourceDate "2010.01.09"]

1. e4 c5 2. Nf3 Nc6 3. d4 cxd4 4. Nxd4 g6 5. c4 Bg7 6. Nc2 d6 7. Be2 f5 8. exf5
Bxf5 9. O-O Nh6 10. Nc3 O-O 11. Be3 Bxc2 12. Qxc2 Nf5 13. Bg5 Nfd4 14. Qd2 Qa5
15. Rab1 Nxe2+ 16. Nxe2 Qxd2 17. Bxd2 Ne5 18. b3 Nd3 19. Bc3 a5 20. Rbd1 Nb4
21. a3 Nc6 22. Bxg7 Kxg7 23. Nc3 Rf5 24. Nd5 Kf7 25. f4 h5 26. g3 e5 27. Nc7
Rd8 28. Nb5 Ke7 29. Rfe1 g5 30. fxg5 Rxg5 31. Re4 Rg4 32. Re3 h4 33. Kg2 hxg3
34. hxg3 Rg5 35. Rh1 Rf5 36. Rd3 Rf7 37. Rh6 e4 38. Rdxd6 Rxd6 39. Nxd6 Rf3 40.
Nxb7 Rxb3 41. Nc5 Rb2+ 42. Kh3 Nd4 43. Nxe4 Rb3 44. Rh7+ Ke8 45. Nf6+ Kf8 46.
Rd7 Ne2 47. Ne4 Re3 48. c5 Rxe4 49. c6 Ke8 50. Rd5 Re7 51. c7 Rxc7 52. Rxa5 Rc2
53. g4 Kf7 54. Kh4 Rc4 55. Kg5 Nc3 56. Kf5 Ne4 57. Ra7+ Kf8 58. a4 Ng3+ 59. Kf6
Rc6+ 60. Ke5 Rc5+ 61. Kf4 Ne2+ 62. Kf3 Nd4+ 63. Ke4 Nb3 64. Kf4 Rc4+ 65. Kg5
Rc5+ 66. Kh6 Rc6+ 67. Kh5 Rc5+ 68. g5 Kg8 69. Kh6 Rc6+ 70. g6 Rc8 71. a5 Nxa5
72. Rxa5 Rb8 73. Ra7 Rc8 74. Rg7+ Kh8 75. Ra7 Kg8 76. Ra6 Rf8 77. Rb6 Ra8 78.
Rb7 Rc8 79. Rb6 Ra8 80. g7 Rc8 81. Kg6 Rc6+ 1/2-1/2

[Event "Liga Vasca 2010 - Primera Division"]
[Site "Euskadi ESP"]
[Date "2010.01.23"]
[Round "3.53"]
[White "Galarza Bilbao, Xabier"]
[Black "Sanz Rodero, Mikel"]
[Result "1/2-1/2"]
[WhiteElo "2147"]
[BlackElo "2056"]
[PlyCount "44"]
[EventDate "2010.01.09"]
[EventType "team"]
[EventRounds "9"]
[EventCountry "ESP"]
[Source "lmi"]
[SourceDate "2010.01.09"]

1. d4 d5 2. c4 e6 3. Nc3 c6 4. e4 dxe4 5. Nxe4 Nf6 6. Nxf6+ Qxf6 7. Nf3 Bb4+ 8.
Bd2 Bxd2+ 9. Qxd2 O-O 10. Bd3 Nd7 11. O-O e5 12. d5 Nc5 13. Rfe1 Re8 14. b4
Nxd3 15. Qxd3 Bg4 16. Nd2 cxd5 17. cxd5 Bf5 18. Ne4 Bxe4 19. Qxe4 Rac8 20. Rac1
g6 21. g3 Rxc1 22. Rxc1 Qd6 1/2-1/2

[Event "Liga Vasca 2010 - Primera Division"]
[Site "Euskadi ESP"]
[Date "2010.01.23"]
[Round "3.54"]
[White "Zabala Perez, Aritz"]
[Black "Basto Auzmendi, Mario"]
[Result "1-0"]
[WhiteElo "1888"]
[BlackElo "2089"]
[PlyCount "62"]
[EventDate "2010.01.09"]
[EventType "team"]
[EventRounds "9"]
[EventCountry "ESP"]
[Source "lmi"]
[SourceDate "2010.01.09"]

1. d4 g6 2. Nf3 Bg7 3. g3 b5 4. Bg2 Bb7 5. O-O Nf6 6. Nbd2 c5 7. dxc5 Na6 8.
Nb3 Rc8 9. Be3 Ng4 10. Bd4 e5 11. c6 Rxc6 12. Bxa7 Qa8 13. h3 Qxa7 14. hxg4 Nc7
15. Ng5 d5 16. e3 O-O 17. c3 Rc4 18. Re1 Bc8 19. Bf3 h6 20. Nh3 h5 21. e4 dxe4
22. Be2 Ra4 23. Qd6 hxg4 24. Ng5 f6 25. Nc5 fxg5 26. Rf1 Ne6 27. Nxa4 bxa4 28.
Bxg4 Rf6 29. Rae1 Nf4 30. Qd8+ Rf8 31. Qxg5 Bf6 1-0

[Event "Liga Vasca 2010 - Primera Division"]
[Site "Euskadi ESP"]
[Date "2010.01.30"]
[Round "4.11"]
[White "Mancha Otano, Aritz"]
[Black "Angulo Martinez, Jon"]
[Result "0-1"]
[WhiteElo "2036"]
[BlackElo "2212"]
[PlyCount "38"]
[EventDate "2010.01.09"]
[EventType "team"]
[EventRounds "9"]
[EventCountry "ESP"]
[Source "lmi"]
[SourceDate "2010.01.09"]

1. d4 d5 2. c4 c6 3. cxd5 cxd5 4. Nf3 Nf6 5. Ne5 a6 6. e3 Bf5 7. Be2 Nbd7 8. f4
Rc8 9. O-O h5 10. Nc3 b5 11. Qb3 e6 12. a4 b4 13. Nd1 Bc2 14. Qxc2 Rxc2 15.
Bxa6 Qc7 16. Nf2 Nxe5 17. fxe5 Ne4 18. Nd3 f5 19. Bb5+ Kf7 0-1